000
00301nam a22001337a 4500
008
170621b xxu||||| |||| 00| 0 eng d
020
_a
9780312208592
041
_a
eng
080
_2
3 ED
_a
32
100
_a
20
101
_a
SHP
245
_a
THE MODERN PRESIDENCY
_c
PFIFFNER.J.P
942
_2
udc
_c
BK
999
_c
18420
_d
18420